Bolivia: la oposición al golpe militar crece

Сохранить в:
Библиографические подробности
Формат: Текст
Предметы:
Метки: Добавить метку
Нет меток, Требуется 1-ая метка записи!

MARC

LEADER 00000 a a2200000 04500
001 42650
003
040
245 |a Bolivia:   |b la oposición al golpe militar crece  
650 |a MILITARISMO  
650 |a CLASE OBRERA  
650 |a CAMPESINADO  
650 |a BOLIVIA  
773 |g volumen4, número30 (1980) Página: 341  
999 |c 35052  |d 35052 
773 0 |0 42391  |9 3836  |a Agencia Latinoamericana de Información, ALAI  |d Quito, Ecuador: ALAI  |o 04401  |t ALAI:  |x 08275564 (Servicio mensual de información y documentación)